Counter-Strike PGL Astana 2025 Players - Statistics

General Stats
  • This quiz has been taken 3 times
  • The average score is 43 of 80
Answer Stats
Team Country Player % Correct
Natus Vincere Finland Aleksib
100%
Natus Vincere Ukraine b1t
100%
Spirit Russia donk
100%
G2 Israel HeavyGod
100%
Natus Vincere Romania iM
100%
Astralis Denmark jabbi
100%
Natus Vincere Lithuania jL
100%
FURIA Brazil KSCERATO
100%
Spirit Russia magixx
100%
G2 Guatemala malbsMd
100%
The MongolZ Mongolia Techno
100%
Natus Vincere Ukraine w0nderful
100%
Aurora Turkey woxic
100%
Aurora Turkey XANTARES
100%
FURIA Latvia YEKINDAR
100%
FURIA Brazil yuurih
100%
The MongolZ Mongolia 910
67%
The MongolZ Mongolia bLitz
67%
Spirit Russia chopper
67%
Astralis Denmark device
67%
Virtus.pro Russia electroNic
67%
Ninjas in Pyjamas Portugal ewjerkz
67%
FURIA Brazil FalleN
67%
Virtus.pro Russia FL1T
67%
G2 Poland hades
67%
Virtus.pro Kazakhstan ICY
67%
BIG Germany Krimbo
67%
M80 United States Lake
67%
Aurora Turkey MAJ3R
67%
FURIA Kazakhstan molodoy
67%
The MongolZ Mongolia mzinho
67%
GamerLegion Sweden REZ
67%
The MongolZ Mongolia Senzu
67%
Spirit Russia sh1ro
67%
Ninjas in Pyjamas Denmark Snappi
67%
G2 Poland Snax
67%
Astralis Denmark stavn
67%
M80 United States Swisher
67%
BIG Germany tabseN
67%
Aurora Turkey Wicadia
67%
Spirit Ukraine zont1x
67%
GamerLegion Sweden ztr
67%
Ninjas in Pyjamas Portugal arrozdoce
33%
paiN Brazil biguzera
33%
MIBR Brazil brnz4n
33%
paiN Chile dav1deuS
33%
paiN Uruguay dgt
33%
HOTU Kazakhstan dukefissura
33%
MIBR Brazil exit
33%
Virtus.pro Russia fame
33%
Virtus.pro Russia FL4MUS
33%
Astralis Denmark HooXi
33%
BIG Germany hyped
33%
MIBR Brazil insani
33%
BIG Germany JDC
33%
Aurora Turkey jottAAA
33%
ODDIK Brazil ksloks
33%
MIBR Brazil Lucaozy
33%
ODDIK Brazil matios
33%
ODDIK Brazil naitte
33%
paiN Brazil nqz
33%
GamerLegion Czech Republic PR
33%
Ninjas in Pyjamas Ukraine r1nkle
33%
M80 United States reck
33%
M80 Germany s1n
33%
MIBR Brazil saffee
33%
GamerLegion Hungary sl3nd
33%
M80 Germany slaxz-
33%
paiN Brazil snow
33%
Astralis Denmark Staehr
33%
GamerLegion Denmark Tauson
33%
G2 Poland TaZ
33%
HOTU Kazakhstan kade0
0%
BIG Germany kyuubii
0%
HOTU Russia lampada
0%
HOTU Russia mizu
0%
ODDIK Brazil pancc
0%
Ninjas in Pyjamas Denmark sjuush
0%
ODDIK Brazil WOOD7
0%
HOTU Russia youka
0%
No matching quizzes found
Score Distribution
Percent of People with Each Score
Percentile by Number Answered
Your Score History
You have not taken this quiz